书目信息 |
| 题名: |
陈确集
|
|
| 作者: | 陈确 撰 | |
| 分册: | 上册 | |
| 出版信息: | 北京 中华书局 1979 |
|
| 页数: | 412页 | |
| 开本: | 20cm | |
| 丛书名: | ||
| 单 册: | ||
| 中图分类: | Z424.8 | |
| 科图分类: | ||
| 主题词: | 文集--中国--明代 | |
| 电子资源: | ||
| ISBN: | ||
| 000 | 00567nam0 2200217 45 | |
| 001 | 0179001977 | |
| 005 | 20050509170706.5 | |
| 010 | @dCNY2.75 | |
| 091 | @a2018.150 | |
| 100 | @a19950718d1979 em y0chiy0121 ea | |
| 101 | 0 | @achi |
| 102 | @aCN@b110000 | |
| 105 | @ay z 000zy | |
| 200 | 10 | @a陈确集@Achen que ji@h上册@f(清)陈确撰@F(Qing)Chen Que Zhuan |
| 210 | @a北京@c中华书局@d1979 | |
| 215 | @a412页@d20cm | |
| 606 | 0 | @a文集@x中国@z明代 |
| 690 | @aZ424.8@v3 | |
| 701 | 0 | @a陈确@4撰 |
| 801 | 0 | @aCN@bNLC@c20040513 |
| 905 | @dZ424.8@e12:1@f1@b178511@b255466@f1 | |
| 陈确集.上册/(清)陈确撰.-北京:中华书局,1979 |
| 412页;20cm |
| ISBN :CNY2.75 |
| ● |
| 相关链接 |
|
|
|
|
正题名:陈确集
索取号:Z424.8/12:1
 
预约/预借
| 序号 | 登录号 | 条形码 | 馆藏地/架位号 | 状态 | 备注 |
| 1 | 0026070 | 001316613 | 第二样本阅览室/ [索取号:Z424.8/12:1] | 在馆 | |
| 2 | 0178511 | 001315838 | 密集书库/ [索取号:Z424.8/12:1] | 在馆 | |
| 3 | 0179555 | 001315758 | 密集书库/ [索取号:Z424.8/12:1] | 在馆 | |
| 4 | 0179556 | 001315874 | 密集书库/ [索取号:Z424.8/12:1] | 在馆 | |
| 5 | 0179557 | 001315990 | 密集书库/ [索取号:Z424.8/12:1] | 在馆 | |
| 6 | 0255466 | 001315963 | 第三借阅区/ [索取号:Z424.8/12:1] | 在馆 | |
| 7 | 0255467 | 001315927 | 密集书库/ [索取号:Z424.8/12:1] | 在馆 | |
| 8 | 0255468 | 001316123 | 密集书库/ [索取号:Z424.8/12:1] | 在馆 |